000 00595nam a22002177a 4500
001 sjds170068
003 sjds
005 20170611120616.0
008 170611b nyu||||| |||| 00| 0 spa d
020 _a9780590293501 (pbk)
020 _a0590293508 (pbk)
040 _csjds
041 _aspa
100 _aRomay, Saturnino.
245 3 _aLa Pizza /
_cescrito por Saturnino Romay ; illustrado por Annie Mitra.
246 _aLa Pizza
260 _aNew York :
_bScholastic,
_cc1994.
300 _a16 pages :
_bcolor illustrations ;
_c19 x 23 cm
700 _aMitra, Annie.
942 _cBK
999 _c17462
_d17462